Data mining : (رقم التسجيلة. 32802)

تفاصيل مارك
000 -الفاتح
حقل البيانات ثابتة الطول 02049cam a22003614a 4500
001 - رقم الضبط
رقم الضبط 16490354
003 - محدد رقم الضبط
رقم الضبط OSt
005 - وقت وتاريخ اخر تعامل مع التسجيلة
رقم الضبط 20150408114159.0
008 - عناصر البيانات ثابتة الطول - معلومات عامة
حقل البيانات ثابتة الطول 101005s2011 maua b 001 0 eng
010 ## - رقم ضبط مكتبة الكونجرس
رقم ضبط مكتبة الكونجرس 2010039827
020 ## - الرقم الدولى المعيارى للكتب
الرقم الدولى المعيارى للكتاب 9780123748560 (pbk.)
020 ## - الرقم الدولى المعيارى للكتب
الرقم الدولى المعيارى للكتاب 0123748569 (pbk.)
035 ## - رقم ضبط النظام
رقم ضبط النظام (OCoLC)ocn262433473
040 ## - مصدر الفهرسة
وكالة الفهرسة الأصلية DLC
وكالة النسخ DLC
وكالة التعديل YDX
-- BTCTA
-- YDXCP
-- BWX
-- DEBSZ
-- CDX
-- IUL
-- DLC
042 ## - رمز التحقق
رمز التحقق pcc
050 00 - رقم طلب مكتبة الكونجرس
رقم التصنيف QA76.9.D343
رقم المادة W58 2011
082 00 - رقم تصنيف ديوى العشرى
رقم التصنيف 006.312
رقم الطبعة 22
رقم المادة WID
100 1# - المدخل الرئيسى - إسم شخصى
الإسم الشخصى Witten, I. H.
الشكل الأكمل للاسم (Ian H.)
9 (RLIN) 41288
245 10 - بيان العنوان
العنوان Data mining :
بقية العنوان practical machine learning tools and techniques /
بيان المسئوليه,etc Ian H. Witten, Eibe Frank, Mark A. Hall.
250 ## - بيان الطبعة
بيان الطبعة 3rd ed.
260 ## - PUBLICATION, DISTRIBUTION, ETC. (IMPRINT)
مكان الناشر او الموزع Burlington, MA :
اسم الناشر او الموزع Morgan Kaufmann,
تاريخ النشر أو التوزيع c2011.
300 ## - الوصف المادى
التعداد xxxiii, 629 p. :
تفاصيل ماديه اخرى للوعاء ill. ;
أبعاد الوعاء 24 cm.
490 1# - بيان السلسلة
عنوان السلسلة [Morgan Kaufmann series in data management systems]
504 ## - تبصرة ببليوجرافية
تبصرة ببليوجرافية,الخ Includes bibliographical references (p. 587-605) and index.
505 0# - تبصرة محتويات-الفهرس
تبصرة المحتويات المصاغة Part I. Machine Learning Tools and Techniques: 1. What's iIt all about?; 2. Input: concepts, instances, and attributes; 3. Output: knowledge representation; 4. Algorithms: the basic methods; 5. Credibility: evaluating what's been learned -- Part II. Advanced Data Mining: 6. Implementations: real machine learning schemes; 7. Data transformation; 8. Ensemble learning; 9. Moving on: applications and beyond -- Part III. The Weka Data MiningWorkbench: 10. Introduction to Weka; 11. The explorer -- 12. The knowledge flow interface; 13. The experimenter; 14 The command-line interface; 15. Embedded machine learning; 16. Writing new learning schemes; 17. Tutorial exercises for the weka explorer.
650 #0 - المدخل الاضافى بالموضوع-مصطلح موضوعى
مصطلح موضوعي أو اسم جغرافي كعنصر مدخل Data mining.
700 1# - المدخل الاضافى - اسم شخصى
الإسم الشخصى Frank, Eibe.
9 (RLIN) 41289
700 1# - المدخل الاضافى - اسم شخصى
الإسم الشخصى Hall, Mark A.
9 (RLIN) 41290
830 #0 - المدخل الاضافى بالسلسلة -عنوان موحد
عنوان موحد Morgan Kaufmann series in data management systems.
9 (RLIN) 37808
906 ## - عنصر بيانات محلى F, LDF (RLIN)
a 7
b cbc
c orignew
d 1
e ecip
f 20
g y-gencatlg
942 ## - عناصر المدخل الإضافي( كوها)
مصدر التصنيف او مخطط الترفيف Dewey Decimal Classification
Koha [default] item type كتاب
المقتنيات
حالة الفقد نموذج السعر الفعال حالة تلف ليس للاعارة رقم الطلب تاريخ الاكتساب الموقع الحالي الفرع الرئيسي Date last seen نوع المادة فى نظام كوها مصدر التصنيف او خطة الترفيف Total Checkouts
  2014-01-04     006.312 WID 2014-01-04 المكتبة المركزية بالمجمعة (CL) المكتبة المركزية بالمجمعة (CL) 2014-01-04 كتاب Dewey Decimal Classification